Il Duomo di Siena : excavations and pottery below Siena Cathedral /

This work is the result of the processing of the excavation data and of the pottery coming from the stratigraphy underneath the cathedral of Siena. The surveys were conducted between August 2000 and May 2003 by the Department of Archaeology and History of Arts of the University of Siena, with the sc...

وصف كامل

محفوظ في:

المؤلف الرئيسي: Castiglia, Gabriele (مؤلف)

التنسيق: كتاب الكتروني

اللغة: English

منشور في: Oxford : Archaeopress, [2014]

سلاسل: Archaeopress archaeology.

الموضوعات:

الوصول للمادة أونلاين: Login to view Source

الوسوم: إضافة وسم

لا توجد وسوم, كن أول من يضع وسما على هذه التسجيلة!

رقم الطلب: DG975.S5 C347 2014

LEADER 01997nam a2200421 i 4500
001 EDZ0001356393
003 StDuBDS
005 20230412183257.0
006 m|||||o||d||||||||
007 cr |||||||||||
008 160314t20142014enka fob 000|0|eng|d
020 |a 9781905739776 (PDF ebook) :  |c No price 
040 |a StDuBDS  |b eng  |c StDuBDS  |e rda  |e pn 
050 0 |a DG975.S5  |b C347 2014 
082 0 4 |a 945.581  |2 23 
100 1 |a Castiglia, Gabriele,  |e author. 
245 1 3 |a Il Duomo di Siena :  |b excavations and pottery below Siena Cathedral /  |c Gabriele Castiglia. 
264 1 |a Oxford :  |b Archaeopress,  |c [2014] 
264 4 |c ©2014 
300 |a 1 online resource :  |b illustrations (black and white). 
336 |a text  |2 rdacontent 
336 |a still image  |2 rdacontent 
337 |a computer  |2 rdamedia 
338 |a online resource  |2 rdacarrier 
490 1 |a Archaeopress archaeology 
504 |a Includes bibliographical references. 
520 8 |a This work is the result of the processing of the excavation data and of the pottery coming from the stratigraphy underneath the cathedral of Siena. The surveys were conducted between August 2000 and May 2003 by the Department of Archaeology and History of Arts of the University of Siena, with the scientific coordination of Professor Riccardo Francovich and Professor Marco Valenti and the collaboration of the Opera del Duomo di Siena. 
521 |a Specialized. 
588 |a Description based on online resource; title from home page (viewed on March 16, 2016). 
610 2 0 |a Duomo di Siena. 
650 0 |a Excavations (Archaeology)  |z Italy  |z Siena. 
651 0 |a Siena (Italy)  |x Antiquities. 
776 0 8 |i Print version :  |z 9781905739745 
830 0 |a Archaeopress archaeology. 
856 4 0 |3 Archaeopress  |u http://library.arce.org:8087/Archaeopress/Products/9781905739745 
942 |2 lcc  |c EBOOK 
952 |0 0  |1 0  |4 0  |6 DG0975 S5  |7 1  |9 46922  |a ARCH  |b ARCH  |d 2023-04-12  |l 0  |o DG975.S5  |r 2023-04-12 00:00:00  |w 2023-04-12  |y EBOOK 
999 |c 52580  |d 52580